Click the EU Country on the Map - Statistics

General Stats
  • This quiz has been taken 139 times
  • The average score is 23 of 26
Answers on the Map
Answers color-coded by a green-red scale on the quiz's map according to % correct below.
 
Answer Stats
Answer % Correct
Finland
97%
Sweden
97%
Greece
96%
Italy
96%
Ireland
95%
Spain
95%
France
93%
Germany
93%
Netherlands
93%
Poland
93%
Portugal
93%
Denmark
92%
Austria
91%
Luxembourg
91%
Belgium
89%
Bulgaria
89%
Croatia
89%
Romania
89%
Estonia
88%
Czech Republic
86%
Latvia
86%
Slovenia
86%
Malta
85%
Slovakia
84%
Hungary
81%
Lithuania
80%
No matching quizzes found
Score Distribution
Percent of People with Each Score
Percentile by Number Answered
Your Score History
You have not taken this quiz